Statistics for Countries that Touch the Prime Meridian or Equator

Click here to take the quiz!

General Stats

  • This quiz has been taken 76,350 times
  • The average score is 17 of 19

Answers on the Map

Answers color-coded by a green-red scale on the quiz's map according to % correct below.
 

Answer Stats

Country% Correct
Brazil
99%
France
98%
Indonesia
98%
Colombia
97%
United Kingdom
97%
D. R. Congo
96%
Spain
96%
Algeria
95%
Ecuador
95%
Republic of Congo
92%
Kenya
90%
Mali
89%
Ghana
85%
Uganda
84%
Somalia
82%
Togo
80%
Burkina Faso
79%
Gabon
79%
São Tomé & Príncipe
71%

Score Distribution

Percentile by Number Answered

Percent of People with Each Score

Your Score History

You have not taken this quiz